Toutes les communes du canton de Talmont-Saint-Hilaire (85) - Statistiques

Statistiques générales
  • Ce quiz a été pris 28 fois
  • Le résultat moyen est 9 sur 22
Réponses sur la Carte
Les réponses sont colorées sur une échelle allant du rouge au vert en fonction du pourcentage des utilisateurs qui les ont devinées à leur premier essai. Vous pouvez retrouver ces pourcentages ci-dessous.
 
Statistiques - réponses
Commune % Correct
Talmont-Saint-Hilaire
100%
Jard-sur-Mer
75%
Saint-Hilaire-la-Forêt
75%
Saint-Vincent-sur-Jard
75%
Avrillé
50%
L'Île-d'Olonne
50%
Longeville-sur-Mer
50%
Saint-Mathurin
50%
Vairé
50%
Beaulieu-sous-la-Roche
25%
Grosbreuil
25%
La Chapelle-Hermier
25%
Le Bernard
25%
Le Girouard
25%
Les Achards
25%
Martinet
25%
Nieul-le-Dolent
25%
Poiroux
25%
Sainte-Flaive-des-Loups
25%
Sainte-Foy
25%
Saint-Georges-de-Pointindoux
25%
Saint-Julien-des-Landes
25%
Aucun quiz correspondant
Distribution des résultats
% des personnes avec chaque résultat
Percentile par nombre de réponses
Votre historique - résultats
Vous n’avez pas pris ce quiz